|
|
|
|
| LEADER |
00000nam a2200000Ia 4500 |
| 008 |
170523b1990 cr ||||| |||| 00| | spa d |
| 999 |
|
|
|c 1258
|d 1258
|
| 090 |
|
|
|a 04.01.01
|b 1027
|
| 110 |
1 |
|
|9 44
|a Consejo Nacional de Rectores. Oficina de Planificación de la Educación Superior
|
| 245 |
1 |
0 |
|a Leyes, convenios y decretos de la educación superior universitaria estatal en Costa Rica /
|c Oficina de publicación de la Educación Superior
|
| 250 |
|
|
|a 2 edición
|
| 260 |
|
|
|a San José, Costa Rica :
|b CONARE,
|c 1990
|
| 300 |
|
|
|a 112 páginas
|
| 500 |
|
|
|a La Unidad posee la 1 ed. de 1980
|
| 650 |
1 |
4 |
|a LEGISLACIÓN
|9 45
|
| 650 |
1 |
4 |
|9 8
|a EDUCACIÓN SUPERIOR
|
| 942 |
|
|
|i 001716,001717
|h 04.01.01 1027
|2 z
|c 01
|